header

Personal strivings as a predictor of emotional intelligence (Record no. 60226)

MARC details
000 -LEADER
fixed length control field 01435nam a2200361 a 4500
082 04 - DEWEY DECIMAL CLASSIFICATION NUMBER
Classification number 152.4
100 1# - MAIN ENTRY--AUTHOR NAME
Personal name Margitics, Ferenc.
245 10 - TITLE STATEMENT
Title Personal strivings as a predictor of emotional intelligence
260 ## - PUBLICATION, DISTRIBUTION, ETC. (IMPRINT)
Place of publication New York :
Name of publisher Nova Science Publishers,
Year of publication c2010.
300 ## - PHYSICAL DESCRIPTION
Number of Pages ix, 79 p. :
Other physical details ill.
490 1# - SERIES STATEMENT
Series statement Psychology of emotions, motivations and actions series
650 #0 - SUBJECT ADDED ENTRY--TOPICAL TERM
Topical Term Emotional intelligence.
Topical Term Achievement motivation.
Topical Term Ambition.
700 1# - ADDED ENTRY--PERSONAL NAME
Personal name Pauwlik, Zsuzsa.
856 40 - ELECTRONIC LOCATION AND ACCESS
Uniform Resource Identifier http://site.ebrary.com/lib/rucke/Doc?id=10680812

No items available.

© 2026 Rongo University
Contact us: librarian | system librarian | Rongo university